Welcome to CU Library Online Public Access Catalogue (OPAC)

Introduction to advertising & promotion : (Record no. 4639)

MARC details
000 -LEADER
fixed length control field 00851pam a2200253 a 4500
001 - CONTROL NUMBER
control field 3450004
005 - DATE AND TIME OF LATEST TRANSACTION
control field 20250310114841.0
008 - FIXED-LENGTH DATA ELEMENTS--GENERAL INFORMATION
fixed length control field 920616s1993 ilua b 001 0 eng
020 ## - INTERNATIONAL STANDARD BOOK NUMBER
International Standard Book Number 0256105162
020 ## - INTERNATIONAL STANDARD BOOK NUMBER
International Standard Book Number 0256108250 (International student ed.)
020 ## - INTERNATIONAL STANDARD BOOK NUMBER
International Standard Book Number 9780256105162
050 00 - LIBRARY OF CONGRESS CALL NUMBER
Classification number HF5823
Item number .B387 1993
082 00 - DEWEY DECIMAL CLASSIFICATION NUMBER
Classification number 659.1
Edition information 20
100 1# - MAIN ENTRY--PERSONAL NAME
Personal name Belch, George E.
Fuller form of name (George Edward),
Dates associated with a name 1951-
245 10 - TITLE STATEMENT
Title Introduction to advertising & promotion :
Remainder of title an integrated marketing communications perspective /
Statement of responsibility, etc. George E. Belch, Michael A. Belch.
250 ## - EDITION STATEMENT
Edition statement 2nd ed.
260 ## - PUBLICATION, DISTRIBUTION, ETC.
Place of publication, distribution, etc. Homewood, IL :
Name of publisher, distributor, etc. Irwin,
Date of publication, distribution, etc. c1993.
300 ## - PHYSICAL DESCRIPTION
Extent 1 v. (various pagings) :
Other physical details ill. (some col.) ;
Dimensions 29 cm.
650 #0 - SUBJECT ADDED ENTRY--TOPICAL TERM
Topical term or geographic name entry element Advertising.
650 #0 - SUBJECT ADDED ENTRY--TOPICAL TERM
Topical term or geographic name entry element Sales promotion.
650 #0 - SUBJECT ADDED ENTRY--TOPICAL TERM
Topical term or geographic name entry element Communication in marketing.
700 1# - ADDED ENTRY--PERSONAL NAME
Personal name Belch, Michael A.
942 ## - ADDED ENTRY ELEMENTS (KOHA)
Source of classification or shelving scheme Library of Congress Classification
Koha item type Books
Edition 2nd Ed.
Suppress in OPAC No
999 ## -
-- 4639
-- 4639
Holdings
Withdrawn status Lost status Source of classification or shelving scheme Damaged status Not for loan Collection Home library Current library Shelving location Date acquired Total checkouts Full call number Barcode Date last seen Copy number Price effective from Koha item type
    Library of Congress Classification     Non-fiction Business Library (Miotso) Business Library (Miotso) General stacks 03/10/2025   HF5823 .B387 1993 BSSM00001272 03/10/2025 1 03/10/2025 Books
    Library of Congress Classification     Non-fiction Business Library (Miotso) Business Library (Miotso) General stacks 03/10/2025   HF5823 .B387 1993 BSSM00001273 03/10/2025 2 03/10/2025 Books
    Library of Congress Classification     Non-fiction Business Library (Miotso) Business Library (Miotso) General stacks 03/10/2025   HF5823 .B387 1993 BSSM00001274 03/10/2025 3 03/10/2025 Books
© 2023-2024 Copyright: Central University Libraries. All Rights Reserved | Created by: Mahone Tech Office